MARC details
| 000 -LEADER |
| campo de control de longitud fija |
01363nam a22003257a 4500 |
| 003 - IDENTIFICADOR DE NÚMERO DE CONTROL |
| campo de control |
OSt |
| 005 - FECHA Y HORA DE LA ÚLTIMA TRANSACCIÓN |
| campo de control |
20230608111847.0 |
| 008 - DATOS DE LONGITUD FIJA--INFORMACIÓN GENERAL |
| campo de control de longitud fija |
221006b |||||||| |||| 00| 0 eng d |
| 040 ## - FUENTE DE CATALOGACIÓN |
| Centro/agencia transcriptor |
Biblioteca Lado V |
| 082 ## - NÚMERO DE LA CLASIFICACIÓN DECIMAL DEWEY |
| Número de clasificación |
800 |
| Número de ítem |
G984r |
| 100 ## - ENTRADA PRINCIPAL--NOMBRE DE PERSONA |
| 9 (RLIN) |
849 |
| Nombre de persona |
Gutierrez, Rafael |
| Término indicativo de función/relación |
director |
| 245 ## - MENCIÓN DEL TÍTULO |
| Título |
Revista de la Universidad de San Carlos de Guatemala/ |
| 260 ## - PUBLICACIÓN, DISTRIBUCIÓN, ETC. |
| Lugar de publicación, distribución, etc. |
Impreso en Litografía Llerena |
| Fecha de publicación, distribución, etc. |
2004 |
| Nombre del editor, distribuidor, etc. |
Guatemala |
| 300 ## - DESCRIPCIÓN FÍSICA |
| Dimensiones |
21.5x27cm |
| Extensión |
85p. |
| 366 ## - INFORMACIÓN SOBRE DISPONIBILIDAD COMERCIAL |
| Nota |
spa |
| 490 ## - MENCIÓN DE SERIE |
| Mención de serie |
10 |
| Designación de volumen o secuencia |
2004 |
| 505 ## - NOTA DE CONTENIDO CON FORMATO |
| Título |
Ensayos |
| Nota de contenido con formato |
Poesia y Alquimia<br/><br/>Centroamerica: las tres alfabetizaciones pendientes<br/><br/>El diablo y Mr. Johnson |
| 505 ## - NOTA DE CONTENIDO CON FORMATO |
| Título |
Letras |
| Nota de contenido con formato |
Poemas<br/><br/>Relato<br/><br/>Relato<br/><br/> |
| 505 ## - NOTA DE CONTENIDO CON FORMATO |
| Título |
Debate |
| Nota de contenido con formato |
Debate sobre el racismo en Guatemala 1970-1973<br/><br/> |
| 505 ## - NOTA DE CONTENIDO CON FORMATO |
| Título |
Arte |
| Nota de contenido con formato |
Igal Permuth: viaje abordo de un tren detenido<br/> |
| 505 ## - NOTA DE CONTENIDO CON FORMATO |
| Título |
Comentarios |
| Nota de contenido con formato |
La cultura en los tratados de libre comercio y el ALCA<br/><br/>Tarde o temprano |
| 650 ## - PUNTO DE ACCESO ADICIONAL DE MATERIA--TÉRMINO DE MATERIA |
| Fuente del encabezamiento o término |
Tesauro de Arte & Arquitectura |
| Término de materia o nombre geográfico como elemento de entrada |
ENSAYOS |
| 9 (RLIN) |
703 |
| 650 ## - PUNTO DE ACCESO ADICIONAL DE MATERIA--TÉRMINO DE MATERIA |
| Fuente del encabezamiento o término |
Tesauro de Arte & Arquitectura |
| Término de materia o nombre geográfico como elemento de entrada |
NARRATIVA |
| 9 (RLIN) |
702 |
| 650 ## - PUNTO DE ACCESO ADICIONAL DE MATERIA--TÉRMINO DE MATERIA |
| Fuente del encabezamiento o término |
Tesauro de Arte & Arquitectura |
| Término de materia o nombre geográfico como elemento de entrada |
DEBATE |
| 9 (RLIN) |
702 |
| 650 ## - PUNTO DE ACCESO ADICIONAL DE MATERIA--TÉRMINO DE MATERIA |
| Fuente del encabezamiento o término |
Tesauro de Arte & Arquitectura |
| Término de materia o nombre geográfico como elemento de entrada |
POESIA |
| 650 ## - PUNTO DE ACCESO ADICIONAL DE MATERIA--TÉRMINO DE MATERIA |
| Fuente del encabezamiento o término |
Tesauro de Arte & Arquitectura |
| Término de materia o nombre geográfico como elemento de entrada |
ARTE |
| 650 ## - PUNTO DE ACCESO ADICIONAL DE MATERIA--TÉRMINO DE MATERIA |
| Fuente del encabezamiento o término |
Tesauro de Arte & Arquitectura |
| Término de materia o nombre geográfico como elemento de entrada |
CULTURA |
| 700 ## - ENTRADA AGREGADA--NOMBRE PERSONAL |
| Nombre de persona |
Navarreta, Jose Antonio |
| Término indicativo de función/relación |
editor |
| 942 ## - ELEMENTOS DE ENTRADA SECUNDARIOS (KOHA) |
| Fuente del sistema de clasificación o colocación |
Clasificación Decimal Dewey |
| Tipo de ítem Koha |
Libros |
| Parte de la signatura que corresponde a la clasificación (Parte de la clasificación) |
800 |
| Parte de la signatura que identifica el ejemplar (Parte del ítem) |
G984r |
| Suprimir en OPAC |
No |